[Event "WchT Seniors 65"]
[Site "Krakow"]
[Date "2024.07.10"]
[Round "8.2"]
[White "Marks, Zofia"]
[Black "Lohan, Martin"]
[Result "1/2-1/2"]
[WhiteElo "1906"]
[BlackElo "1826"]
[PlyCount "37"]
[EventDate "2024.07.02"]
[EventType "team-swiss"]
[EventRounds "9"]
[EventCountry "POL"]
[SourceTitle "CBM 221 Extra"]
[Source "ChessBase"]
[SourceDate "2024.09.30"]
[SourceVersion "1"]
[SourceVersionDate "2024.09.30"]
[SourceQuality "1"]
[WhiteTeam "Poland 65 (W)"]
[BlackTeam "Ireland 65 III"]
[WhiteTeamCountry "POL"]
[BlackTeamCountry "IRL"]

1. c4 Nf6 2. Nc3 e6 3. g3 d5 4. cxd5 exd5 5. d4 c6 6. Bg2 Bd6 7. Nf3 0-0 8. 0-0 Re8 9. Qc2 Bg4 10. h3 Bh5 11. Bg5 Nbd7 12. Rae1 Bg6 13. Qc1 Qc7 14. Bxf6 Nxf6 15. Nh4 Ne4 16. Nxg6 hxg6 17. Nxe4 dxe4 18. e3 f5 19. Re2 1/2-1/2

[Event "WchT Seniors 65"]
[Site "Krakow"]
[Date "2024.07.06"]
[Round "5.1"]
[White "Kennedy, Shernaz"]
[Black "Lohan, Martin"]
[Result "0-1"]
[WhiteElo "1784"]
[BlackElo "1826"]
[PlyCount "40"]
[EventDate "2024.07.02"]
[EventType "team-swiss"]
[EventRounds "9"]
[EventCountry "POL"]
[SourceTitle "CBM 221 Extra"]
[Source "ChessBase"]
[SourceDate "2024.09.30"]
[SourceVersion "1"]
[SourceVersionDate "2024.09.30"]
[SourceQuality "1"]
[WhiteTeam "USA 65 (W)"]
[BlackTeam "Ireland 65 III"]
[WhiteTeamCountry "USA"]
[BlackTeamCountry "IRL"]

1. d4 Nf6 2. c4 e6 3. a3 c5 4. d5 g6 5. Nc3 Bg7 6. e4 exd5 7. cxd5 d6 8. f4 0-0 9. Nf3 Re8 10. Qc2 Qe7 11. Bd3 c4 12. Be2 Nxe4 13. Nxe4 Qxe4 14. Qxe4 Rxe4 15. Ng5 Re7 16. Kd1 c3 17. bxc3 Bxc3 18. Rb1 Bd7 19. Bd3 Na6 20. Bxa6 Ba4+ 0-1

[Event "IRL-chT"]
[Site "Dublin"]
[Date "2019.04.07"]
[Round "5.1"]
[White "Lohan, Martin"]
[Black "Murray, David"]
[Result "0-1"]
[WhiteElo "1737"]
[BlackElo "2152"]
[PlyCount "64"]
[EventDate "2019.04.05"]
[EventType "team-swiss"]
[EventRounds "5"]
[EventCountry "IRL"]
[SourceTitle "CBM 189 Extra"]
[Source "ChessBase"]
[SourceDate "2019.05.31"]
[SourceVersion "1"]
[SourceVersionDate "2019.05.31"]
[SourceQuality "1"]
[WhiteTeam "Dun Laoghaire"]
[BlackTeam "Gonzaga"]
[WhiteTeamCountry "IRL"]
[BlackTeamCountry "IRL"]

1. Nf3 Nf6 2. g3 d5 3. Bg2 c6 4. 0-0 Bg4 5. d3 e6 6. Nbd2 Nbd7 7. e4 Be7 8. h3 Bxf3 9. Qxf3 0-0 10. b3 Qa5 11. Qe2 Qc3 12. Rb1 Qxc2 13. Rb2 Qc3 14. Nf3 dxe4 15. dxe4 Nc5 16. Rc2 Qd3 17. Qxd3 Nxd3 18. Bg5 h6 19. Bxf6 Bxf6 20. Rd2 Rfd8 21. Rfd1 Nb4 22. e5 Be7 23. Nd4 Kf8 24. Kf1 Ke8 25. a3 Nd5 26. b4 a6 27. Nb3 Nc3 28. Rxd8+ Rxd8 29. Rxd8+ Kxd8 30. Na5 Kc7 31. Ke1 Nb1 32. Nc4 Nxa3 0-1